[Event "CZE-chT2D 2223"]
[Site "Czech Republic"]
[Date "2022.11.06"]
[Round "2.1"]
[White "Sabuk, Piotr"]
[Black "Cerveny, Petr"]
[Result "1/2-1/2"]
[WhiteElo "2426"]
[BlackElo "2325"]
[PlyCount "37"]
[EventDate "2022.10.16"]
[EventType "team-tourn"]
[EventRounds "11"]
[EventCountry "CZE"]
[SourceTitle "EXT 2024"]
[Source "ChessBase"]
[SourceDate "2023.10.10"]
[SourceVersion "1"]
[SourceVersionDate "2023.10.10"]
[SourceQuality "1"]
[WhiteTeam "Rychnov nad Kneznou Panda"]
[BlackTeam "Policka Stefanydes"]
[WhiteTeamCountry "CZE"]
[BlackTeamCountry "CZE"]

1. d4 Nf6 2. c4 e6 3. Nf3 d5 4. g3 Bb4+ 5. Nc3 0-0 6. Bg2 dxc4 7. 0-0 Nc6 8. Re1 h6 9. e4 Re8 10. a3 Bxc3 11. bxc3 b5 12. g4 Nxg4 13. e5 Na5 14. h3 Nxf2 15. Kxf2 Nb3 16. Rb1 Qe7 17. Kg1 Bb7 18. Be3 a5 19. Re2 1/2-1/2

[Event "CZE-chT2D 2223"]
[Site "Czech Republic"]
[Date "2022.10.16"]
[Round "1.1"]
[White "Cerveny, Petr"]
[Black "Smajzr, Martin"]
[Result "1/2-1/2"]
[WhiteElo "2325"]
[BlackElo "2143"]
[PlyCount "32"]
[EventDate "2022.10.16"]
[EventType "team-tourn"]
[EventRounds "11"]
[EventCountry "CZE"]
[SourceTitle "EXT 2024"]
[Source "ChessBase"]
[SourceDate "2023.10.10"]
[SourceVersion "1"]
[SourceVersionDate "2023.10.10"]
[SourceQuality "1"]
[WhiteTeam "Policka Stefanydes"]
[BlackTeam "Usti nad Orlici"]
[WhiteTeamCountry "CZE"]
[BlackTeamCountry "CZE"]

1. e4 e5 2. Nf3 Nc6 3. Bc4 Bc5 4. 0-0 Nf6 5. d3 d6 6. a4 a5 7. c3 0-0 8. h3 Bb6 9. Re1 h6 10. Na3 Ne7 11. Bb3 c6 12. Bc2 Be6 13. d4 Ng6 14. Be3 Bc7 15. Qe2 Qe7 16. Qf1 Nh5 1/2-1/2

[Event "Pardubice Czech op-A 31st"]
[Site "Pardubice"]
[Date "2020.09.22"]
[Round "2"]
[White "Cerveny, Petr"]
[Black "Brozka, Karel"]
[Result "0-1"]
[WhiteElo "2340"]
[BlackElo "2025"]
[PlyCount "104"]
[EventDate "2020.09.21"]
[EventType "swiss"]
[EventRounds "9"]
[EventCountry "CZE"]
[SourceTitle "CBM 198 Extra"]
[Source "ChessBase"]
[SourceDate "2020.11.30"]
[SourceVersion "1"]
[SourceVersionDate "2020.11.30"]
[SourceQuality "1"]

1. e4 d5 2. exd5 Qxd5 3. Nc3 Qd6 4. d4 Nf6 5. Nf3 a6 6. g3 Bg4 7. Bg2 Nc6 8. 0-0 e6 9. h3 Bh5 10. Bf4 Qd8 11. g4 Bg6 12. Ne5 Nd5 13. Nxc6 bxc6 14. Ne2 Bd6 15. Bd2 Rb8 16. c4 Ne7 17. Bc3 Bb4 18. Qa4 Bxc3 19. bxc3 h5 20. g5 Qd6 21. c5 Qd7 22. Nf4 Nd5 23. Nxg6 fxg6 24. c4 Ne7 25. Rad1 0-0 26. d5 Nf5 27. dxe6 Qe7 28. Qxc6 Qxg5 29. Qxc7 Rbe8 30. Qe5 Rf6 31. Rd6 Qh4 32. Qe4 Qg5 33. Qd5 Kh7 34. Re1 Qf4 35. Qe5 Qxc4 36. Bd5 Qxc5 37. Rc6 Qa3 38. Rc7 Re7 39. Rxe7 Nxe7 40. Bb3 Rf5 41. Qe3 Qb2 42. Rd1 Qf6 43. Rd3 Rg5+ 44. Kh2 Re5 45. Qd4 Nf5 46. Qd8 Ne7 47. Qd4 Nc6 48. Qb2 Qf4+ 49. Kg2 Qe4+ 50. Rf3 Nd4 51. Bd1 Nxf3 52. Bxf3 Rg5+ 0-1

[Event "CZE-ch"]
[Site "Plzen"]
[Date "2020.08.28"]
[Round "6"]
[White "Nguyen, Thai Dai Van"]
[Black "Cerveny, Petr"]
[Result "1-0"]
[WhiteElo "2569"]
[BlackElo "2340"]
[PlyCount "113"]
[EventDate "2020.08.23"]
[EventType "swiss"]
[EventRounds "9"]
[EventCountry "CZE"]
[SourceTitle "CBM 198 Extra"]
[Source "ChessBase"]
[SourceDate "2020.11.30"]
[SourceVersion "1"]
[SourceVersionDate "2020.11.30"]
[SourceQuality "1"]

1. Nf3 d5 2. d4 Nf6 3. c4 c6 4. e3 a6 5. Bd3 Bg4 6. Nbd2 Nbd7 7. h3 Bh5 8. 0-0 e6 9. b3 Bd6 10. Bb2 Qb8 11. Qc2 Bg6 12. Bxg6 hxg6 13. e4 Nxe4 14. Nxe4 dxe4 15. Qxe4 Nf6 16. Qe2 0-0 17. Rad1 a5 18. a4 Qc7 19. h4 Rfd8 20. g3 b6 21. Bc1 Re8 22. Bg5 Nh7 23. Kg2 c5 24. Qd3 Qb7 25. Rfe1 cxd4 26. Qxd4 Bc5 27. Qg4 Nf8 28. Kg1 f6 29. Be3 Rad8 30. Nd4 e5 31. Nb5 Rxd1 32. Qxd1 Qe7 33. Bxc5 Qxc5 34. Qd3 Re7 35. Nc3 Re6 36. Rd1 f5 37. Nd5 e4 38. Qd2 Kf7 39. Qg5 Nh7 40. Qd8 Qd6 41. Nf4 Qxd8 42. Rxd8 Rc6 43. Rd7+ Kg8 44. Rb7 g5 45. Nd5 Kf8 46. Rxb6 Rxb6 47. Nxb6 Ke7 48. c5 gxh4 49. gxh4 Nf8 50. Nc4 Ng6 51. Nxa5 Nxh4 52. Nc6+ Kd7 53. Nd4 f4 54. a5 g5 55. a6 Kc8 56. c6 Kb8 57. Nb5 1-0

[Event "CZE-chT1W 1920"]
[Site "Czech Republic"]
[Date "2020.02.16"]
[Round "8.6"]
[White "Konopka, Michal"]
[Black "Cerveny, Petr"]
[Result "1/2-1/2"]
[WhiteElo "2345"]
[BlackElo "2330"]
[PlyCount "31"]
[EventDate "2019.10.20"]
[EventType "team-tourn"]
[EventRounds "11"]
[EventCountry "CZE"]
[SourceTitle "CBM 195 Extra"]
[Source "ChessBase"]
[SourceDate "2020.05.31"]
[SourceVersion "1"]
[SourceVersionDate "2020.05.31"]
[SourceQuality "1"]
[WhiteTeam "Vysehrad"]
[BlackTeam "Polabiny II"]
[WhiteTeamCountry "CZE"]
[BlackTeamCountry "CZE"]

1. Nf3 Nf6 2. c4 g6 3. b3 Bg7 4. Bb2 c5 5. g3 Nc6 6. Bg2 d6 7. 0-0 e5 8. e3 0-0 9. Nc3 Bf5 10. d3 Qd7 11. Ng5 h6 12. Nge4 Ne8 13. Nd5 Bh3 14. f4 Bxg2 15. Kxg2 f5 16. Nec3 1/2-1/2

[Event "CZE-chT2D 1819"]
[Site "Czech Republic"]
[Date "2019.01.27"]
[Round "7.1"]
[White "Kantorik, Marian"]
[Black "Cerveny, Petr"]
[Result "0-1"]
[WhiteElo "2216"]
[BlackElo "2327"]
[PlyCount "124"]
[EventDate "2018.10.14"]
[EventType "team-tourn"]
[EventRounds "11"]
[EventCountry "CZE"]
[SourceTitle "EXT 2022"]
[Source "ChessBase"]
[SourceDate "2021.10.06"]
[SourceVersion "1"]
[SourceVersionDate "2021.10.06"]
[SourceQuality "1"]
[WhiteTeam "Orechov"]
[BlackTeam "Policka Stefanydes"]
[WhiteTeamCountry "CZE"]
[BlackTeamCountry "CZE"]

1. d4 d6 2. c4 e5 3. Nc3 exd4 4. Qxd4 Nc6 5. Qd2 Nf6 6. g3 Be6 7. Nd5 g6 8. Bg2 Bg7 9. Nh3 0-0 10. Nhf4 Bf5 11. Nxf6+ Bxf6 12. 0-0 Ne5 13. e4 Bg4 14. f3 Bd7 15. Qe2 Nc6 16. Be3 Nd4 17. Qd2 c5 18. Rad1 b5 19. Ne2 Be6 20. Nxd4 cxd4 21. Bxd4 Bxc4 22. Rf2 Bxa2 23. Bxf6 Qxf6 24. Qxd6 Qxd6 25. Rxd6 a5 26. Rb6 b4 27. Bf1 Rfb8 28. Rc6 Rc8 29. Rfc2 Be6 30. Bb5 Rxc6 31. Bxc6 Bb3 32. Rd2 Ra6 33. Bd5 Bxd5 34. exd5 Kf8 35. Kf2 a4 36. Ke3 a3 37. bxa3 bxa3 38. Ra2 Ke7 39. Kd4 Kd6 40. Kc4 Ra8 41. Kd3 g5 42. g4 Ra7 43. Kc3 f6 44. Kb3 Kxd5 45. Rd2+ Ke5 46. Ka2 Kf4 47. Rd3 Ra6 48. Rc3 h6 49. Rd3 Re6 50. Rxa3 Re2+ 51. Kb1 Rxh2 52. Kc1 Kg3 53. Ra6 Kxf3 54. Rxf6+ Kxg4 55. Kd1 h5 56. Ke1 h4 57. Kf1 Ra2 58. Rb6 Kg3 59. Rb5 Kg4 60. Rb4+ Kh3 61. Rb3+ Kh2 62. Rb5 Rg2 0-1

[Event "Marianske Lazne IM-B2 18th"]
[Site "Marianske Lazne"]
[Date "2019.01.23"]
[Round "6"]
[White "Lukasiewicz, Krzysztof"]
[Black "Cerveny, Petr"]
[Result "0-1"]
[WhiteElo "2223"]
[BlackElo "2318"]
[PlyCount "116"]
[EventDate "2019.01.19"]
[EventType "tourn"]
[EventRounds "9"]
[EventCountry "CZE"]
[EventCategory "1"]
[SourceTitle "CBM 188 Extra"]
[Source "ChessBase"]
[SourceDate "2019.02.26"]
[SourceVersion "1"]
[SourceVersionDate "2019.02.26"]
[SourceQuality "1"]

1. e4 c5 2. Nf3 d6 3. d4 cxd4 4. Nxd4 Nf6 5. Nc3 a6 6. Bc4 e6 7. Bb3 Be7 8. 0-0 0-0 9. Qf3 Nbd7 10. Qg3 Nc5 11. Bh6 Ne8 12. Be3 Bh4 13. Qg4 Bf6 14. Qe2 b5 15. e5 dxe5 16. Nc6 Qd6 17. Na5 Be7 18. Qf3 Rb8 19. Rfd1 Qc7 20. Nc6 Bb7 21. Nxe7+ Qxe7 22. Qg3 Nxb3 23. axb3 f6 24. Ba7 Rc8 25. Qe3 Rf7 26. Bb6 Nd6 27. Bc5 Nf5 28. Bxe7 Nxe3 29. fxe3 Rxe7 30. Rd2 Kf7 31. Rad1 Rec7 32. b4 Ke7 33. Na2 Bd5 34. Nc3 Bc6 35. Ne2 Rd7 36. Nc1 Rxd2 37. Rxd2 Be4 38. c3 Bd5 39. Nd3 e4 40. Nc5 a5 41. Na6 Rc6 42. Nc5 axb4 43. cxb4 Rc7 44. Kf2 Ra7 45. Kg3 f5 46. Kf4 Kd6 47. g4 Rf7 48. gxf5 Rxf5+ 49. Kg4 Ke7 50. Rd4 Rf2 51. Nxe4 Rxh2 52. Nd2 Rg2+ 53. Kh3 Re2 54. e4 Bc6 55. Kg3 e5 56. Kf3 Rh2 57. Kg3 exd4 58. Kxh2 Kf6 0-1

[Event "Marianske Lazne IM-B2 18th"]
[Site "Marianske Lazne"]
[Date "2019.01.22"]
[Round "5"]
[White "Cerveny, Petr"]
[Black "Plischki, Sebastian"]
[Result "1-0"]
[WhiteElo "2318"]
[BlackElo "2426"]
[PlyCount "81"]
[EventDate "2019.01.19"]
[EventType "tourn"]
[EventRounds "9"]
[EventCountry "CZE"]
[EventCategory "1"]
[SourceTitle "CBM 188 Extra"]
[Source "ChessBase"]
[SourceDate "2019.02.26"]
[SourceVersion "1"]
[SourceVersionDate "2019.02.26"]
[SourceQuality "1"]

1. e4 c5 2. Nf3 e6 3. g3 Nc6 4. Bg2 Nf6 5. d3 d5 6. Nbd2 Be7 7. 0-0 0-0 8. Re1 Qc7 9. e5 Nd7 10. Qe2 b5 11. h4 Bb7 12. Nf1 Rfc8 13. Bf4 Qd8 14. N1h2 b4 15. Bh3 a5 16. h5 h6 17. Ng4 Bf8 18. Qd2 Nd4 19. Nxd4 cxd4 20. Nh2 b3 21. Rec1 bxc2 22. Rxc2 Rxc2 23. Qxc2 a4 24. Nf3 Qb6 25. Kh1 a3 26. b3 Rc8 27. Qe2 Ba6 28. Bf1 Bb4 29. g4 Nc5 30. Qd1 Bc3 31. Rb1 Bb5 32. g5 Qa6 33. gxh6 Nxd3 34. Bxd3 Bxd3 35. Qg1 g6 36. Qg5 Bxb1 37. Kg1 f6 38. Qxf6 Qb7 39. hxg6 Bxg6 40. Qxg6+ Kh8 41. Bg5 1-0

[Event "Marianske Lazne IM-B2 18th"]
[Site "Marianske Lazne"]
[Date "2019.01.22"]
[Round "4"]
[White "Jurek, Josef"]
[Black "Cerveny, Petr"]
[Result "1-0"]
[WhiteElo "2273"]
[BlackElo "2318"]
[PlyCount "79"]
[EventDate "2019.01.19"]
[EventType "tourn"]
[EventRounds "9"]
[EventCountry "CZE"]
[EventCategory "1"]
[SourceTitle "CBM 188 Extra"]
[Source "ChessBase"]
[SourceDate "2019.02.26"]
[SourceVersion "1"]
[SourceVersionDate "2019.02.26"]
[SourceQuality "1"]

1. Nf3 d6 2. d4 Nf6 3. c4 g6 4. g3 Bg7 5. Bg2 0-0 6. Nc3 Nc6 7. 0-0 a6 8. d5 Na5 9. Nd2 c5 10. Qc2 b5 11. cxb5 axb5 12. Nxb5 Qb6 13. Nc3 Bf5 14. e4 Bc8 15. h3 Ba6 16. Re1 Nd7 17. Nf3 Rfb8 18. Rb1 Qb4 19. Bg5 Kf8 20. e5 Nxe5 21. Nxe5 dxe5 22. d6 exd6 23. Be7+ Kg8 24. Bxd6 Nc4 25. Bxb8 Rxb8 26. a3 Qb6 27. Nd5 Qd6 28. Red1 Bf8 29. Nb4 cxb4 30. Rxd6 Bxd6 31. axb4 Rxb4 32. Bd5 Bf8 33. Bxc4 Bxc4 34. Ra1 Kg7 35. Ra8 Be6 36. Rxf8 Rc4 37. Qxc4 Bxc4 38. Re8 Kf6 39. b4 g5 40. f3 1-0

[Event "Litomysl op 20th"]
[Site "Litomysl"]
[Date "2018.12.30"]
[Round "7"]
[White "Svanda, Ondrej"]
[Black "Cerveny, Petr"]
[Result "1-0"]
[WhiteElo "2241"]
[BlackElo "2319"]
[PlyCount "129"]
[EventDate "2018.12.26"]
[EventType "swiss"]
[EventRounds "9"]
[EventCountry "CZE"]
[SourceTitle "CBM 188 Extra"]
[Source "ChessBase"]
[SourceDate "2019.02.26"]
[SourceVersion "1"]
[SourceVersionDate "2019.02.26"]
[SourceQuality "1"]

1. d4 Nf6 2. Bf4 d5 3. e3 c5 4. Nf3 Nc6 5. Nbd2 e6 6. c3 Bd6 7. Bg3 0-0 8. Bd3 b6 9. 0-0 Bxg3 10. hxg3 Bb7 11. Rc1 Qd6 12. Qc2 Rac8 13. Qb1 e5 14. dxe5 Nxe5 15. Nxe5 Qxe5 16. Rfe1 Rfe8 17. Rcd1 Rcd8 18. Qc2 Rd6 19. Qa4 c4 20. Nf3 Qe7 21. Bb1 a6 22. Qc2 g6 23. Rd4 b5 24. Qd2 Rdd8 25. Rd1 Rb8 26. Nh2 Bc8 27. g4 h6 28. Re1 Kg7 29. a3 Bd7 30. Bc2 a5 31. Rd1 Bc6 32. Rf4 Qc5 33. Nf3 b4 34. axb4 axb4 35. Nd4 Bd7 36. Ra1 Bxg4 37. Ra6 Be6 38. Rc6 Qa7 39. cxb4 Qa1+ 40. Bd1 Rxb4 41. Qxb4 Qxd1+ 42. Kh2 Qh5+ 43. Kg1 Qd1+ 44. Kh2 Ng4+ 45. Kg3 Bd7 46. Qc3 Kg8 47. Rd6 g5 48. Rxf7 Ne5 49. Nf3 Nxf7 50. Rg6+ Kf8 51. Qg7+ Ke7 52. Qf6+ Kf8 53. Qg7+ Ke7 54. Ne5 Be6 55. Qf6+ Kd6 56. Nxf7+ Kc5 57. Nxh6 Qc2 58. Qd4+ Kb4 59. Qb6+ Ka4 60. Qc6+ Kb3 61. Qxe8 Qe4 62. Qxe6 Qh4+ 63. Kf3 c3 64. bxc3 Kc2 65. Ng4 1-0

[Event "Litomysl op 20th"]
[Site "Litomysl"]
[Date "2018.12.29"]
[Round "6"]
[White "Cerveny, Petr"]
[Black "Simacek, Pavel"]
[Result "1/2-1/2"]
[WhiteElo "2319"]
[BlackElo "2478"]
[PlyCount "36"]
[EventDate "2018.12.26"]
[EventType "swiss"]
[EventRounds "9"]
[EventCountry "CZE"]
[SourceTitle "CBM 188 Extra"]
[Source "ChessBase"]
[SourceDate "2019.02.26"]
[SourceVersion "1"]
[SourceVersionDate "2019.02.26"]
[SourceQuality "1"]

1. e4 e5 2. Nf3 d6 3. d4 Nf6 4. dxe5 Nxe4 5. Qd5 Nc5 6. Bg5 Be7 7. exd6 Qxd6 8. Qxd6 Bxd6 9. Nc3 a6 10. 0-0-0 Nc6 11. Bc4 Be6 12. Rhe1 0-0 13. Bd5 Bxd5 14. Nxd5 Rfe8 15. Rxe8+ Rxe8 16. Be3 Ne4 17. g3 f6 18. c3 Kf7 1/2-1/2

[Event "Olomouc IM-B 21st"]
[Site "Olomouc"]
[Date "2018.08.16"]
[Round "7"]
[White "Jurek, Josef"]
[Black "Cerveny, Petr"]
[Result "0-1"]
[WhiteElo "2253"]
[BlackElo "2314"]
[PlyCount "113"]
[EventDate "2018.08.11"]
[EventType "tourn"]
[EventRounds "9"]
[EventCountry "CZE"]
[EventCategory "1"]
[SourceTitle "CBM 186 Extra"]
[Source "ChessBase"]
[SourceDate "2018.08.24"]
[SourceVersion "1"]
[SourceVersionDate "2018.08.24"]
[SourceQuality "1"]

1. Nf3 g6 2. d4 Bg7 3. g3 c5 4. c3 Qa5 5. Nbd2 cxd4 6. Nb3 Qd8 7. cxd4 d5 8. Bg2 Nc6 9. 0-0 e6 10. Bf4 Nge7 11. Ne5 h6 12. Nxc6 Nxc6 13. Qd2 g5 14. Be3 b6 15. a4 a5 16. Rac1 Qd7 17. Na1 Ne7 18. b3 Nf5 19. Nc2 Ba6 20. b4 axb4 21. Nxb4 Bb7 22. a5 Rxa5 23. Nd3 0-0 24. Nc5 Qe7 25. Nxb7 Qxb7 26. g4 Nxe3 27. fxe3 Qa6 28. Rc2 Ra1 29. Rxa1 Qxa1+ 30. Bf1 Qa5 31. Qxa5 bxa5 32. Ra2 Ra8 33. Ra4 Kf8 34. Bg2 Ke7 35. e4 dxe4 36. Bxe4 Ra7 37. Kf2 Kd6 38. e3 Kc7 39. Ke2 Kb6 40. Kd3 Bf8 41. Rc4 a4 42. Rc6+ Kb5 43. Rc8 Bd6 44. Kc3 a3 45. Ra8 Rxa8 46. Bxa8 Bxh2 47. d5 exd5 48. Bxd5 f5 49. gxf5 Kc5 50. Bf3 Be5+ 51. Kb3 Bb2 52. e4 Kd6 53. f6 Bxf6 54. Kxa3 Ke5 55. Kb3 Kf4 56. e5 Bxe5 57. Bc6 0-1

[Event "Olomouc IM-B 21st"]
[Site "Olomouc"]
[Date "2018.08.15"]
[Round "6"]
[White "Cerveny, Petr"]
[Black "Vanek, Ladislav"]
[Result "0-1"]
[WhiteElo "2314"]
[BlackElo "2271"]
[PlyCount "114"]
[EventDate "2018.08.11"]
[EventType "tourn"]
[EventRounds "9"]
[EventCountry "CZE"]
[EventCategory "1"]
[SourceTitle "CBM 186 Extra"]
[Source "ChessBase"]
[SourceDate "2018.08.24"]
[SourceVersion "1"]
[SourceVersionDate "2018.08.24"]
[SourceQuality "1"]

1. e4 c5 2. Nf3 d6 3. Bb5+ Bd7 4. Bxd7+ Qxd7 5. c4 Nc6 6. d4 cxd4 7. Nxd4 Nf6 8. Nc3 Qg4 9. Qxg4 Nxg4 10. Nxc6 bxc6 11. f4 g6 12. h3 Nf6 13. Be3 Bg7 14. 0-0-0 h5 15. Rhe1 Nd7 16. Kc2 h4 17. Rd3 Rh5 18. Bf2 g5 19. e5 gxf4 20. exd6 e5 21. Rd2 f5 22. b4 Kf7 23. a4 e4 24. Nxe4 fxe4 25. Rxe4 Be5 26. Bd4 Rf5 27. Rf2 Bxd6 28. c5 Bc7 29. Rfe2 Bd8 30. Re8 Rb8 31. Rh8 Rd5 32. Rh7+ Kg6 33. Rg7+ Kf5 34. Bc3 Bf6 35. Rf7 Kg6 36. Rxf6+ Nxf6 37. Re6 Rf8 38. Rxc6 Kf5 39. Rc7 a5 40. Bxf6 Rxf6 41. b5 Rd4 42. b6 Rxa4 43. b7 Rb4 44. c6 a4 45. Kc3 Rb6 46. Kd4 a3 47. Kc5 Rfxc6+ 48. Rxc6 Rxb7 49. Ra6 Rb2 50. Ra5 Ke5 51. Kc6+ Ke6 52. Kc5 Rxg2 53. Kd4 Rg3 54. Ke4 Rxh3 55. Kxf4 Rb3 56. Re5+ Kd6 57. Re1 h3 0-1